[Event "SERBIA OPEN 2023 - MASTERS"]
[Site "Belgrade,Metropol Palace hotel"]
[Date "2023.07.21"]
[Round "6.73"]
[White "Pogodin, Nikolay"]
[Black "Eric, Jovana"]
[Result "0-1"]
[WhiteElo "1574"]
[BlackElo "2155"]
[PlyCount "104"]
[EventDate "2023.07.16"]

1. d4 Nf6 2. Nf3 e6 3. Bg5 h6 4. Bxf6 Qxf6 5. e4 d5 6. Nbd2 Nd7 7. Bd3 dxe4 8. Nxe4 Qd8 9. Qe2 Be7 10. c3 Nf6 11. Ne5 a6 12. Rd1 Qd5 13. a4 O-O 14. Nxf6+ Bxf6 15. Qe4 g6 16. Qxd5 exd5 17. f4 Kg7 18. Kf2 Be6 19. b4 a5 20. b5 Rfc8 21. Rb1 c5 22. bxc6 bxc6 23. Rb7 Bxe5 24. fxe5 c5 25. Rhb1 cxd4 26. cxd4 Rc3 27. R1b3 Rac8 28. Rxc3 Rxc3 29. Ke2 Ra3 30. Bb5 Ra2+ 31. Kf3 Rd2 32. Bd7 Bxd7 33. Rxd7 Rd3+ 34. Ke2 Rxd4 35. e6 Re4+ 36. Kd3 Rxe6 37. Rxd5 Rf6 38. Ke3 Ra6 39. h4 Kf6 40. Kf4 Ke6 41. Re5+ Kf6 42. Rd5 Kg7 43. g3 h5 44. Rb5 Kf6 45. Rc5 Ke6 46. Rb5 f6 47. Rc5 Kd6 48. Rb5 Kc6 49. Ke4 Ra7 50. Kf4 Kd6 51. Rb6+ Ke7 52. Rb5 Kf7 {...} 0-1

[Event "SERBIA OPEN 2023 - MASTERS"]
[Site "Belgrade,Metropol Palace hotel"]
[Date "2023.07.21"]
[Round "6.75"]
[White "Divitt, Arora"]
[Black "Zherebtsova, Alexandra"]
[Result "0-1"]
[WhiteElo "1682"]
[BlackElo "2152"]
[PlyCount "66"]
[EventDate "2023.07.16"]

1. e4 c5 2. Nf3 Nc6 3. Nc3 Nf6 4. d4 cxd4 5. Nxd4 e5 6. Ndb5 d6 7. Bg5 a6 8. Na3 b5 9. Nd5 Be7 10. Bxf6 Bxf6 11. c3 O-O 12. Nc2 Rb8 13. Nce3 Bg5 14. h4 Bxe3 15. Nxe3 Be6 16. Be2 Ne7 17. Bg4 d5 18. Bxe6 fxe6 19. Qg4 Rb6 20. Qg5 d4 21. Rd1 Nc6 22. Qg3 Qf6 23. Nc2 b4 24. O-O b3 25. Na3 bxa2 26. Nc4 Rb5 27. Ra1 Na5 28. Nxa5 Rxa5 29. cxd4 exd4 30. f4 Rh5 31. Rxa2 Rxh4 32. Rxa6 Qh6 33. Rf3 Rc8 0-1

[Event "SERBIA OPEN 2023 - MASTERS"]
[Site "Belgrade,Metropol Palace hotel"]
[Date "2023.07.21"]
[Round "6.76"]
[White "Arsovic, Zoran"]
[Black "Javadov, Habil"]
[Result "1-0"]
[WhiteElo "2393"]
[BlackElo "2091"]
[PlyCount "51"]
[EventDate "2023.07.16"]

1. Nf3 d5 2. g3 Nf6 3. Bg2 e6 4. O-O Be7 5. c4 O-O 6. d3 b6 7. cxd5 Nxd5 8. a3 c5 9. d4 Bb7 10. dxc5 Bxc5 11. b4 Be7 12. Bb2 Nd7 13. Nbd2 Rc8 14. Qb3 Qc7 15. Rac1 Qb8 16. Nc4 Rfd8 17. Rfd1 N5f6 18. Nd4 Nd5 19. Nf5 Bf8 20. e4 N5f6 21. Nfd6 Bxd6 22. Nxd6 Rxc1 23. Bxc1 Bc6 24. Bb2 Qa8 25. Qc2 a6 26. Rd2 {...} 1-0

[Event "SERBIA OPEN 2023 - MASTERS"]
[Site "Belgrade,Metropol Palace hotel"]
[Date "2023.07.21"]
[Round "6.77"]
[White "Efremov, Vladislav"]
[Black "Kostic, Milutin B"]
[Result "1/2-1/2"]
[WhiteElo "2356"]
[BlackElo "2048"]
[PlyCount "58"]
[EventDate "2023.07.16"]

1. d4 d5 2. c4 c6 3. Nf3 Nf6 4. Nc3 dxc4 5. a4 Bg4 6. Ne5 Bh5 7. g3 e6 8. Bg2 a5 9. O-O Be7 10. Nxc4 Na6 11. h3 Nd7 12. Bf4 O-O 13. Qd2 Nb4 14. e4 Nb6 15. b3 f6 16. Be3 Nd7 17. g4 Bf7 18. f4 e5 19. fxe5 Bxc4 20. bxc4 fxe5 21. Rxf8+ Bxf8 22. Rd1 Qc7 23. d5 Bc5 24. Bxc5 Nxc5 25. Qe3 Qb6 26. Rb1 Nxa4 27. Qxb6 Nxb6 28. c5 Nd7 29. Na4 Nd3 1/2-1/2

[Event "SERBIA OPEN 2023 - MASTERS"]
[Site "Belgrade,Metropol Palace hotel"]
[Date "2023.07.21"]
[Round "6.78"]
[White "Janjic, Stefan"]
[Black "Giannoulakis, Lampros"]
[Result "0-1"]
[WhiteElo "2097"]
[BlackElo "2354"]
[PlyCount "47"]
[EventDate "2023.07.16"]

1. d4 Nf6 2. Nf3 g6 3. c4 Bg7 4. g3 O-O 5. Bg2 d6 6. O-O Nbd7 7. Nc3 e5 8. e4 c6 9. h3 a6 10. Be3 Re8 11. Qc2 b5 12. a3 exd4 13. Nxd4 Bb7 14. cxb5 axb5 15. f4 Nb6 16. Bf2 Nc4 17. e5 dxe5 18. Nxc6 Qd2 19. Qxd2 Nxd2 20. fxe5 Nxf1 21. exf6 Ne3 22. Bxe3 Bxf6 23. Bd4 Bg5 24. Nxb5 0-1

[Event "SERBIA OPEN 2023 - MASTERS"]
[Site "Belgrade,Metropol Palace hotel"]
[Date "2023.07.21"]
[Round "6.79"]
[White "Jovanovic, Sasa T"]
[Black "Lopez Rayo, Santiago"]
[Result "0-1"]
[WhiteElo "2082"]
[BlackElo "2336"]
[PlyCount "44"]
[EventDate "2023.07.16"]

1. d4 Nf6 2. c4 g6 3. Nc3 Bg7 4. e4 d6 5. Nf3 O-O 6. b3 e5 7. dxe5 dxe5 8. Qxd8 Rxd8 9. Be3 c6 10. Nxe5 Re8 11. Nf3 Nxe4 12. Nxe4 Rxe4 13. O-O-O Re8 14. Bd3 Nd7 15. Bc2 Nf6 16. Rhe1 b6 17. Bd4 Bb7 18. c5 Nd5 19. g3 Bf8 20. Rxe8 Rxe8 21. cxb6 c5 22. Be5 Nxb6 0-1

[Event "SERBIA OPEN 2023 - MASTERS"]
[Site "Belgrade,Metropol Palace hotel"]
[Date "2023.07.21"]
[Round "6.80"]
[White "Mateus, Alejandro"]
[Black "Grozdanovic, Anastasia"]
[Result "1-0"]
[WhiteElo "2331"]
[BlackElo "1980"]
[PlyCount "43"]
[EventDate "2023.07.16"]

1. e4 e5 2. Nf3 Nc6 3. Bb5 a6 4. Ba4 d6 5. O-O Bd7 6. c4 g5 7. Nc3 g4 8. Ne1 Bg7 9. Bxc6 bxc6 10. Nc2 c5 11. d3 Ne7 12. f4 exf4 13. Bxf4 Ng6 14. Be3 Be5 15. Qd2 Be6 16. Bg5 f6 17. Bh6 Qd7 18. Ne3 g3 19. hxg3 Bxg3 20. Ncd5 Bxd5 21. Nxd5 O-O-O 22. Qa5 {...} 1-0

[Event "SERBIA OPEN 2023 - MASTERS"]
[Site "Belgrade,Metropol Palace hotel"]
[Date "2023.07.21"]
[Round "6.81"]
[White "Debevec, Blaz"]
[Black "Shoshin, Kirill"]
[Result "1/2-1/2"]
[WhiteElo "2077"]
[BlackElo "2314"]
[PlyCount "87"]
[EventDate "2023.07.16"]

1. e4 c5 2. Nf3 g6 3. d4 cxd4 4. Nxd4 Nc6 5. c4 Nf6 6. Nc3 d6 7. Be2 Nxd4 8. Qxd4 Bg7 9. Be3 O-O 10. Qd2 a5 11. O-O a4 12. Rfd1 Be6 13. f3 Qa5 14. Rac1 Rfc8 15. Nb5 Nd7 16. Nd4 Nc5 17. Nxe6 Nxe6 18. Qxa5 Rxa5 19. Rd5 Rxd5 20. cxd5 Rxc1+ 21. Bxc1 Bd4+ 22. Kf1 Nc5 23. Bc4 Kg7 24. b4 axb3 25. axb3 h5 26. Ke2 Kf6 27. h4 Kg7 28. Be3 Bxe3 29. Kxe3 Kf6 30. b4 Nd7 31. Bb5 Nb6 32. f4 Kg7 33. Kd4 Kf8 34. e5 Kg7 35. Be8 Na8 36. Bd7 Nc7 37. Bc8 b6 38. Bd7 f6 39. exd6 exd6 40. g3 Kf7 41. b5 Ke7 42. Bc6 f5 43. Ke3 Ne8 44. Bxe8 1/2-1/2

[Event "SERBIA OPEN 2023 - MASTERS"]
[Site "Belgrade,Metropol Palace hotel"]
[Date "2023.07.21"]
[Round "6.82"]
[White "Dumbelovic, Novak"]
[Black "Ronka, Erik"]
[Result "1/2-1/2"]
[WhiteElo "2044"]
[BlackElo "2294"]
[PlyCount "69"]
[EventDate "2023.07.16"]

1. e4 c5 2. Nf3 e6 3. d4 cxd4 4. Nxd4 Nf6 5. Nc3 d6 6. g4 h6 7. Rg1 Nc6 8. Be3 Be7 9. Qe2 Bd7 10. h4 Nxd4 11. Bxd4 e5 12. Be3 Bc6 13. Bg2 Nh7 14. h5 Ng5 15. O-O-O Ne6 16. Kb1 O-O 17. Nd5 Bg5 18. Qd2 Bxd5 19. exd5 Bxe3 20. Qxe3 Ng5 21. Be4 Re8 22. Rd3 b6 23. f3 Rc8 24. Rc1 Rc5 25. c4 Nxe4 26. Qxe4 Qg5 27. Rdc3 Rf8 28. Qc2 f5 29. Qa4 Rc7 30. Qa3 Rf6 31. Rg1 fxg4 32. fxg4 Rd7 33. Rcc1 e4 34. Qg3 Rf4 35. Rce1 {...} 1/2-1/2

[Event "SERBIA OPEN 2023 - MASTERS"]
[Site "Belgrade,Metropol Palace hotel"]
[Date "2023.07.21"]
[Round "6.83"]
[White "Carnic, Srdjan"]
[Black "Gvozdenovic, Milos"]
[Result "1/2-1/2"]
[WhiteElo "2277"]
[BlackElo "1966"]
[PlyCount "27"]
[EventDate "2023.07.16"]

1. Nf3 Nf6 2. d4 e6 3. c4 d5 4. Nc3 a6 5. cxd5 exd5 6. Bg5 Be6 7. e3 Bd6 8. Bd3 h6 9. Bh4 Nbd7 10. Rc1 O-O 11. O-O c6 12. Bb1 Qc7 13. Qc2 g6 14. Bg3 1/2-1/2

[Event "SERBIA OPEN 2023 - MASTERS"]
[Site "Belgrade,Metropol Palace hotel"]
[Date "2023.07.21"]
[Round "6.84"]
[White "Zmijanac, Dusko"]
[Black "Herrera, Juan Sebastian"]
[Result "0-1"]
[WhiteElo "1973"]
[BlackElo "2277"]
[PlyCount "32"]
[EventDate "2023.07.16"]

1. c4 g6 2. Nc3 Bg7 3. e4 e5 4. g3 d6 5. Bg2 Ne7 6. Nge2 O-O 7. d4 exd4 8. Nxd4 Nd7 9. O-O Nc6 10. Nc2 Nc5 11. Be3 Be6 12. Qe2 Ne5 13. Na3 c6 14. Rad1 Qa5 15. Rxd6 Qb4 16. Rfd1 Nxc4 {...} 0-1

[Event "SERBIA OPEN 2023 - MASTERS"]
[Site "Belgrade,Metropol Palace hotel"]
[Date "2023.07.21"]
[Round "6.85"]
[White "Krassel, Timofei"]
[Black "Gregoric, Andraz"]
[Result "1/2-1/2"]
[WhiteElo "1923"]
[BlackElo "2276"]
[PlyCount "99"]
[EventDate "2023.07.16"]

1. e4 e5 2. Nf3 Nc6 3. Bc4 Bc5 4. c3 Nf6 5. d3 d6 6. O-O a5 7. Re1 O-O 8. h3 h6 9. Nbd2 Ba7 10. Nf1 Ne7 11. d4 Ng6 12. Ng3 Nh7 13. Be3 Ng5 14. Nh2 Ne6 15. Ng4 Re8 16. Nf5 h5 17. Bxe6 Bxe6 18. Nh2 exd4 19. cxd4 d5 20. Qxh5 dxe4 21. Bg5 f6 22. Nxg7 fxg5 23. Nxe8 Qxe8 24. Rxe4 Qf7 25. Ng4 Bxg4 26. Rxg4 Kg7 27. Qxg5 Qf6 28. Qd2 Rd8 29. Rd1 Rd5 30. h4 Kh7 31. Qd3 Qf5 32. Qg3 Rd7 33. Rd3 c5 34. Rg5 Qe4 35. h5 Nf4 36. Qg4 Ne2+ 37. Kh2 Qxg4 38. Rxg4 cxd4 39. a3 Rf7 40. f3 Rc7 41. Rd2 Nc1 42. Rgxd4 Bxd4 43. Rxd4 Ne2 44. Rd2 Nf4 45. g4 Kh6 46. Kg3 Kg5 47. h6 Re7 48. Rh2 Ne2+ 49. Kf2 Nf4 50. Kg3 1/2-1/2

[Event "SERBIA OPEN 2023 - MASTERS"]
[Site "Belgrade,Metropol Palace hotel"]
[Date "2023.07.21"]
[Round "6.86"]
[White "Sakmak, Kutay"]
[Black "Toncheva, Nadya"]
[Result "0-1"]
[WhiteElo "1874"]
[BlackElo "2263"]
[PlyCount "23"]
[EventDate "2023.07.16"]

1. e4 c5 2. Nf3 Nc6 3. Bb5 e6 4. O-O Nge7 5. Re1 a6 6. Bf1 d5 7. exd5 Nxd5 8. d4 Nf6 9. dxc5 Qxd1 10. Rxd1 Bxc5 11. Nbd2 Be7 12. b3 {...} 0-1

[Event "SERBIA OPEN 2023 - MASTERS"]
[Site "Belgrade,Metropol Palace hotel"]
[Date "2023.07.21"]
[Round "6.87"]
[White "Baiture, Temirlan"]
[Black "Hilverda, Alexander"]
[Result "0-1"]
[WhiteElo "1814"]
[BlackElo "2256"]
[PlyCount "25"]
[EventDate "2023.07.16"]

1. d4 g6 2. Nf3 Bg7 3. c4 d6 4. Nc3 Bg4 5. e4 Nc6 6. Be3 e5 7. d5 Nd4 8. Be2 Bxf3 9. Bxf3 Ne7 10. O-O c5 11. Re1 O-O 12. b4 b6 13. a4 {...} 0-1

[Event "SERBIA OPEN 2023 - MASTERS"]
[Site "Belgrade,Metropol Palace hotel"]
[Date "2023.07.21"]
[Round "6.88"]
[White "Sun, Fanghui"]
[Black "Jevtic, Miroljub"]
[Result "1-0"]
[WhiteElo "2228"]
[BlackElo "1963"]
[PlyCount "38"]
[EventDate "2023.07.16"]

1. e4 e5 2. Nf3 Nc6 3. Bb5 Nf6 4. O-O Bc5 5. Nxe5 Nxe5 6. d4 a6 7. Be2 Nxe4 8. dxc5 Nxc5 9. b4 Ne6 10. f4 Nc6 11. f5 Qf6 12. fxe6 Qxa1 13. exf7+ Kf8 14. Be3 Qe5 15. Qd2 d6 16. a4 b5 17. Bf3 Bd7 18. Bf4 Qf6 19. Bg5 Qe5 {...} 1-0

[Event "SERBIA OPEN 2023 - MASTERS"]
[Site "Belgrade,Metropol Palace hotel"]
[Date "2023.07.21"]
[Round "6.89"]
[White "Hristova, Ivelina"]
[Black "Pogorelskikh, Sofia"]
[Result "1-0"]
[WhiteElo "1807"]
[BlackElo "2211"]
[PlyCount "38"]
[EventDate "2023.07.16"]

1. Nf3 d5 2. g3 Nd7 3. d4 Nb6 4. Nc3 Bf5 5. Nh4 e6 6. Bg2 Be7 7. Nxf5 exf5 8. O-O Bf6 9. a4 a5 10. Bf4 c6 11. Qd3 Ne7 12. Rad1 Nc4 13. Bc1 Nd6 14. f3 g6 15. e4 Bg7 16. exd5 cxd5 17. Rfe1 O-O 18. Bg5 f6 19. Bc1 Qd7 {...} 1-0

[Event "SERBIA OPEN 2023 - MASTERS"]
[Site "Belgrade,Metropol Palace hotel"]
[Date "2023.07.21"]
[Round "6.90"]
[White "Ravic, Nenad"]
[Black "Omarsson, Adam"]
[Result "1-0"]
[WhiteElo "2210"]
[BlackElo "1843"]
[PlyCount "34"]
[EventDate "2023.07.16"]

1. e4 c5 2. Nf3 d6 3. d4 cxd4 4. Nxd4 Nf6 5. Nc3 a6 6. Bc4 e6 7. Bb3 b5 8. a3 Be7 9. Be3 Bb7 10. f3 O-O 11. Qd2 Nbd7 12. O-O-O Nb6 13. g4 Nc4 14. Bxc4 bxc4 15. Kb1 Rc8 16. Ka2 Qc7 17. h4 d5 {...} 1-0

[Event "SERBIA OPEN 2023 - MASTERS"]
[Site "Belgrade,Metropol Palace hotel"]
[Date "2023.07.21"]
[Round "6.91"]
[White "Lapitsky, Sergey"]
[Black "Kostic, Branimir"]
[Result "1/2-1/2"]
[WhiteElo "1750"]
[BlackElo "2134"]
[PlyCount "85"]
[EventDate "2023.07.16"]

1. e4 c5 2. c3 Nf6 3. e5 Nd5 4. d4 cxd4 5. Nf3 Nc6 6. cxd4 d6 7. Bc4 Nb6 8. Bb5 dxe5 9. Nxe5 Bd7 10. Nxd7 Qxd7 11. O-O Rd8 12. Be3 e6 13. Nc3 a6 14. Bxc6 Qxc6 15. Qg4 h5 16. Qe2 Be7 17. Rac1 Nd5 18. Ne4 Qd7 19. Rfd1 g6 20. Nc5 Bxc5 21. dxc5 Qc6 22. Qf3 h4 23. h3 Rh5 24. a3 Rf5 25. Qg4 Rh5 26. Qf3 Ke7 27. b4 Rg8 28. Rd4 Rf5 29. Qg4 g5 30. Re1 Rg6 31. Bc1 Kf8 32. Qe4 Kg7 33. Bb2 Kh6 34. Bc1 Kg7 35. Bb2 Kh7 36. Bc1 Qa4 37. Qg4 Qc2 38. Rd2 Qc3 39. Rde2 Nf4 40. Bxf4 Rxf4 41. Qh5+ Kg7 42. Re3 Qf6 43. Rf3 1/2-1/2

[Event "SERBIA OPEN 2023 - MASTERS"]
[Site "Belgrade,Metropol Palace hotel"]
[Date "2023.07.21"]
[Round "6.92"]
[White "Jandric, Damjan"]
[Black "Kalogridis, Themistoklis"]
[Result "1-0"]
[WhiteElo "2113"]
[BlackElo "1746"]
[PlyCount "73"]
[EventDate "2023.07.16"]

1. e4 c5 2. Nc3 Nc6 3. Bb5 Nd4 4. Nf3 e6 5. O-O a6 6. Bd3 Nc6 7. Re1 g5 8. Kh1 g4 9. Ng1 h5 10. a3 b6 11. b4 cxb4 12. axb4 Nxb4 13. Bf1 Bb7 14. Bb2 Bg7 15. Qb1 Nf6 16. e5 Nfd5 17. Ne4 O-O 18. c3 Nc6 19. d4 f6 20. c4 Nde7 21. exf6 Bxf6 22. Nxf6+ Rxf6 23. d5 Rxf2 24. dxc6 Bxc6 25. Bd4 Rd2 26. Be3 Rd6 27. Bf4 Rd4 28. Be5 Rd2 29. Qc1 Rf2 30. Qg5+ Kf8 31. Qg7+ Ke8 32. Qh8+ Kf7 33. Qxh5+ Ng6 34. Qh7+ Kf8 35. Qg7+ Ke8 36. Qxg6+ Ke7 37. Qg5+ 1-0

[Event "SERBIA OPEN 2023 - MASTERS"]
[Site "Belgrade,Metropol Palace hotel"]
[Date "2023.07.21"]
[Round "6.94"]
[White "Pajcin, Lav"]
[Black "Loshkarev, Dmitri"]
[Result "1-0"]
[WhiteElo "2296"]
[BlackElo "1997"]
[PlyCount "101"]
[EventDate "2023.07.16"]

1. d4 d5 2. Nc3 Nf6 3. Bf4 g6 4. e3 Bg7 5. h4 h5 6. Nf3 Bf5 7. Nb5 Na6 8. Be2 c6 9. Nc3 Ng4 10. a3 f6 11. Nd2 e5 12. dxe5 fxe5 13. Bg5 Bf6 14. e4 Bxg5 15. hxg5 Qb6 16. O-O Bd7 17. exd5 O-O-O 18. Qe1 Rde8 19. Nc4 Qd4 20. Rd1 Qf4 21. g3 Qxg5 22. Ne4 Qh6 23. Ncd6+ Kb8 24. Nf7 Qg7 25. Nxh8 Rxh8 26. f3 Ne3 27. Bxa6 Nxd1 28. Qb4 Bc8 29. Rxd1 Rd8 30. d6 Qf7 31. d7 Rxd7 32. Rxd7 Qxd7 33. Bd3 Qh3 34. Qd6+ Ka8 35. Qxe5 a6 36. a4 h4 37. Bf1 Qd7 38. gxh4 Qd1 39. Qc3 Bh3 40. Ng3 Qd6 41. Kf2 Be6 42. Qe3 Bd5 43. Bd3 Bf7 44. Kg2 Qf6 45. Qg5 Qd6 46. Ne4 Qd4 47. Qf6 Qd5 48. Nd6 Be6 49. Nc4 Ka7 50. Qxg6 b5 51. Qg7+ 1-0

[Event "SERBIA OPEN 2023 - MASTERS"]
[Site "Belgrade,Metropol Palace hotel"]
[Date "2023.07.21"]
[Round "6.95"]
[White "Gagic, Milan A"]
[Black "Girgis, Lazar"]
[Result "1-0"]
[WhiteElo "2254"]
[BlackElo "1965"]
[PlyCount "61"]
[EventDate "2023.07.16"]

1. d4 Nf6 2. Nc3 d5 3. Bf4 a6 4. e3 e6 5. Nf3 c5 6. Ne5 b5 7. dxc5 Bxc5 8. Bd3 Nbd7 9. h4 Nxe5 10. Bxe5 Bd6 11. Bxd6 Qxd6 12. Qf3 Bb7 13. O-O-O Qb4 14. h5 h6 15. Qg3 O-O 16. Rh4 Qc5 17. Kb1 Rfc8 18. Qe5 Qc7 19. Qxc7 Rxc7 20. g4 Rac8 21. f4 d4 22. exd4 Bf3 23. Rg1 Kf8 24. Rg3 b4 25. g5 bxc3 26. gxf6 Bd5 27. Rxg7 Rb8 28. b3 Rb4 29. Rh7 Ke8 30. Rg4 e5 31. Bf5 1-0

[Event "SERBIA OPEN 2023 - MASTERS"]
[Site "Belgrade,Metropol Palace hotel"]
[Date "2023.07.21"]
[Round "6.96"]
[White "Vasilkov, Nikolay"]
[Black "Argote Heredia, Valentina"]
[Result "0-1"]
[WhiteElo "1834"]
[BlackElo "2228"]
[PlyCount "81"]
[EventDate "2023.07.16"]

1. e4 c5 2. Nf3 e6 3. d4 cxd4 4. Nxd4 a6 5. Nc3 b5 6. a3 Bb7 7. Be2 Nc6 8. O-O Bc5 9. Nb3 Bb6 10. Bf4 Nge7 11. Bd6 Nc8 12. Bc5 Bc7 13. Be3 d6 14. Kh1 N6e7 15. f4 O-O 16. Bf3 Rb8 17. Nd4 Nb6 18. b3 Nd7 19. f5 e5 20. Nde2 d5 21. Bg5 d4 22. Nb1 f6 23. Bh4 Nc5 24. Nd2 d3 25. cxd3 Qxd3 26. Rc1 Bb6 27. Rc3 Qd6 28. b4 Na4 29. Qb3+ Kh8 30. Rd3 Qc7 31. Rc1 Nc6 32. Nb1 Rfd8 33. Rxd8+ Rxd8 34. Nbc3 Nd4 35. Nxd4 exd4 36. Ne2 Qe7 37. Nf4 Nc3 38. Ne6 Re8 39. Re1 g5 40. Bg3 g4 41. Bxg4 {Unreadable} 0-1

[Event "SERBIA OPEN 2023 - MASTERS"]
[Site "Belgrade,Metropol Palace hotel"]
[Date "2023.07.21"]
[Round "6.97"]
[White "Lyutsinger, Iren"]
[Black "Ljepic, Andrej"]
[Result "0-1"]
[WhiteElo "1807"]
[BlackElo "2214"]
[PlyCount "112"]
[EventDate "2023.07.16"]

1. e4 c5 2. Nc3 e6 3. g3 d5 4. exd5 exd5 5. Bg2 Nf6 6. Nge2 d4 7. Ne4 Nd5 8. O-O Be7 9. d3 O-O 10. c4 Nc7 11. f4 f5 12. Ng5 Bf6 13. Bd2 h6 14. Nf3 Nc6 15. Qc2 Qd6 16. Rae1 Bd7 17. Ne5 Nxe5 18. fxe5 Bxe5 19. Bxb7 Rab8 20. Bg2 g5 21. Qc1 Kh7 22. Rf2 Ne8 23. Nf4 Bxf4 24. gxf4 g4 25. Rfe2 Ng7 26. Re5 Bc6 27. Bd5 Rfe8 28. b3 Bxd5 29. Rxd5 Qa6 30. Rxc5 Qxa2 31. b4 Qb3 32. Ree5 Qxd3 33. Qe1 Rxe5 34. fxe5 Rb6 35. Rd5 Qxc4 36. Rd6 Rxd6 37. exd6 Qe6 38. Qg3 Nh5 39. Qh4 Kg6 40. Qd8 Nf6 41. Qf8 f4 42. d7 Qxd7 43. Bxf4 Qf5 44. Qxh6+ Kf7 45. Bg5 Ne4 46. Qh5+ Qg6 47. Qxg6+ Kxg6 48. Bd8 a6 49. Kf1 d3 50. Ke1 Kf5 51. Bc7 Ke6 52. Kd1 Kd5 53. Bg3 Nxg3 54. hxg3 Ke4 55. Kd2 Kd4 56. Kd1 Kc3 0-1

[Event "SERBIA OPEN 2023 - MASTERS"]
[Site "Belgrade,Metropol Palace hotel"]
[Date "2023.07.21"]
[Round "6.98"]
[White "Ashvath, Mittal"]
[Black "Mijatovic, Dusan"]
[Result "1/2-1/2"]
[WhiteElo "1768"]
[BlackElo "2213"]
[PlyCount "123"]
[EventDate "2023.07.16"]

1. e4 c5 2. Nf3 d6 3. d4 cxd4 4. Nxd4 Nf6 5. Nc3 a6 6. f3 e6 7. Be3 b5 8. g4 b4 9. Nce2 h6 10. Ng3 Qc7 11. Bg2 d5 12. g5 hxg5 13. Nde2 Bd6 14. Bf2 Bb7 15. Qd2 dxe4 16. Nxe4 Nxe4 17. fxe4 Nd7 18. O-O-O Rc8 19. Kb1 Be5 20. Bd4 O-O 21. Rc1 Qd6 22. Rhd1 Rc4 23. b3 Rxd4 24. Nxd4 Bf4 25. Qe2 Qc7 26. Bh3 Nc5 27. Qc4 Bxc1 28. Rxc1 Qe5 29. Qxb4 a5 30. Nf3 axb4 31. Nxe5 Bxe4 32. Kb2 Rd8 33. Nc4 f5 34. a3 bxa3+ 35. Kxa3 g4 36. Bf1 f4 37. b4 Nb7 38. Ne5 g3 39. hxg3 fxg3 40. Bh3 Rd2 41. Bxe6+ Kf8 42. Rf1+ Ke7 43. Bh3 Rh2 44. Rf7+ Kd6 45. Nc4+ Kd5 46. Bf1 g2 47. Bxg2 Bxg2 48. Ne3+ Ke6 49. Rxg7 Be4 50. Rg3 Bxc2 51. Nxc2 Rxc2 52. Kb3 Rc8 53. b5 Nd6 54. Kb4 Rb8 55. Rg5 Ne4 56. Rh5 Nf6 57. Rh6 Ke5 58. Ka5 Nd5 59. b6 Kd4 60. Ka6 Rxb6+ 61. Rxb6 Nxb6 62. Kxb6 1/2-1/2

[Event "SERBIA OPEN 2023 - MASTERS"]
[Site "Belgrade,Metropol Palace hotel"]
[Date "2023.07.21"]
[Round "6.99"]
[White "Popovic, Aleksandar M"]
[Black "Demirkol, Kerim Calvelo"]
[Result "1-0"]
[WhiteElo "2195"]
[BlackElo "1673"]
[PlyCount "57"]
[EventDate "2023.07.16"]

1. e4 c6 2. Nc3 d5 3. Nf3 dxe4 4. Nxe4 Nf6 5. Qe2 Nxe4 6. Qxe4 Qd5 7. Qe3 Bf5 8. b3 Nd7 9. Bc4 Qd6 10. a4 Qf6 11. Ra2 e6 12. Bb2 Qg6 13. Nh4 Qg5 14. Nxf5 Qxf5 15. O-O Nb6 16. Bd3 Qh5 17. Be2 Qh4 18. c4 Nd7 19. g3 Qe7 20. Bf3 Nf6 21. d4 g6 22. d5 cxd5 23. cxd5 Bg7 24. Ba3 Qd7 25. dxe6 fxe6 26. Rd1 Qf7 27. Bxb7 Rd8 28. Bc6+ Nd7 29. Rad2 1-0

[Event "SERBIA OPEN 2023 - MASTERS"]
[Site "Belgrade,Metropol Palace hotel"]
[Date "2023.07.21"]
[Round "6.100"]
[White "Yessengali, Adizhan"]
[Black "Vlahovic, Milan"]
[Result "1-0"]
[WhiteElo "1663"]
[BlackElo "2182"]
[PlyCount "41"]
[EventDate "2023.07.16"]

1. f4 g6 2. Nf3 Bg7 3. g3 d5 4. Bg2 c5 5. c3 Nc6 6. O-O Nf6 7. Na3 O-O 8. d3 a6 9. Qe1 b6 10. e4 e6 11. Bd2 Bb7 12. Rd1 Qc7 13. Bc1 Rad8 14. Qe2 b5 15. Nc2 c4 16. dxc4 Nxe4 17. cxd5 exd5 18. f5 Rfe8 19. Bf4 Qc8 20. fxg6 hxg6 21. Qe3 1-0

[Event "SERBIA OPEN 2023 - MASTERS"]
[Site "Belgrade,Metropol Palace hotel"]
[Date "2023.07.21"]
[Round "6.101"]
[White "Chelushkina, Irina"]
[Black "Medic, Relja"]
[Result "1-0"]
[WhiteElo "2162"]
[BlackElo "1665"]
[PlyCount "53"]
[EventDate "2023.07.16"]

1. g3 d5 2. Nf3 Nf6 3. Bg2 c5 4. O-O Nc6 5. d4 Bf5 6. c3 e6 7. Bg5 h6 8. Bxf6 Qxf6 9. Qb3 Rb8 10. Nbd2 cxd4 11. Nxd4 Nxd4 12. cxd4 Qxd4 13. Qb5+ Kd8 14. e4 Qxd2 15. exf5 Qb4 16. Qe2 Qd6 17. Rad1 Kc7 18. Rc1+ Kd8 19. Qh5 Qe7 20. fxe6 Qxe6 21. Bxd5 Qg6 22. Qf3 Qf6 23. Qd3 Bd6 24. Bxf7 Ke7 25. Bb3 Rbe8 26. Rce1+ Kd8 27. Rd1 1-0

[Event "SERBIA OPEN 2023 - MASTERS"]
[Site "Belgrade,Metropol Palace hotel"]
[Date "2023.07.21"]
[Round "6.102"]
[White "Barkasheva, Sofia"]
[Black "Maksimovic, Miroslav"]
[Result "0-1"]
[WhiteElo "1636"]
[BlackElo "2109"]
[PlyCount "52"]
[EventDate "2023.07.16"]

1. e4 e5 2. Nf3 Nc6 3. Bb5 a6 4. Ba4 Nf6 5. Qe2 Be7 6. c3 b5 7. Bb3 d6 8. h3 O-O 9. O-O Na5 10. Bc2 c5 11. d4 Qc7 12. d5 Nc4 13. Nbd2 Nb6 14. Nh4 g6 15. Ndf3 Qd8 16. Bh6 Re8 17. Nh2 Nxe4 18. Nxg6 hxg6 19. Bxe4 Bg5 20. Bxg5 Qxg5 21. f4 exf4 22. Qf3 Qg3 23. Rae1 f5 24. Ng4 fxg4 25. Qd3 Qxd3 26. Bxd3 Bf5 0-1

[Event "SERBIA OPEN 2023 - MASTERS"]
[Site "Belgrade,Metropol Palace hotel"]
[Date "2023.07.21"]
[Round "6.103"]
[White "Zoric, Savo"]
[Black "Mishin, Matvey"]
[Result "1/2-1/2"]
[WhiteElo "2083"]
[BlackElo "1559"]
[PlyCount "122"]
[EventDate "2023.07.16"]

1. Nf3 d5 2. g3 Nf6 3. Bg2 e6 4. O-O Be7 5. d4 O-O 6. c4 Nbd7 7. Qc2 c6 8. Nbd2 b6 9. e4 Bb7 10. e5 Ne8 11. cxd5 cxd5 12. Re1 a5 13. Nf1 Ba6 14. h4 Rc8 15. Qd1 h5 16. Bf4 g6 17. Ne3 Bb4 18. Nd2 Ng7 19. a3 Be7 20. Bh3 Re8 21. Nf3 Nf8 22. Bg5 Bxg5 23. Nxg5 Nf5 24. Bxf5 exf5 25. Qf3 Bb7 26. Rac1 Rxc1 27. Rxc1 Ne6 28. Nxe6 fxe6 29. Ng2 Qd7 30. Qe3 Kg7 31. Qg5 Qe7 32. Nf4 Qxg5 33. hxg5 Re7 34. Nxe6+ Rxe6 35. Rc7+ Kf8 36. Rxb7 Rc6 37. Kg2 Rc4 38. Rxb6 Ke7 39. Rxg6 Kf7 40. Rb6 Rxd4 41. Rb7+ Kf8 42. Rb5 a4 43. Rb4 Re4 44. f3 Rxe5 45. Kf2 d4 46. Rxa4 d3 47. Rd4 Re2+ 48. Kf1 Rxb2 49. Rxd3 Ra2 50. Rd8+ Kg7 51. Ra8 Kh7 52. f4 Kg7 53. a4 Ra1+ 54. Kg2 Ra2+ 55. Kf3 Ra3+ 56. Kf2 Ra2+ 57. Kf1 Ra3 58. Kg2 Ra2+ 59. Kh3 Kh7 60. a5 Kg7 61. Ra7+ Kg8 1/2-1/2

[Event "SERBIA OPEN 2023 - MASTERS"]
[Site "Belgrade,Metropol Palace hotel"]
[Date "2023.07.21"]
[Round "6.104"]
[White "Sakotic, Nikola"]
[Black "Stojkovic, Nenad P"]
[Result "1/2-1/2"]
[WhiteElo "1631"]
[BlackElo "2037"]
[PlyCount "63"]
[EventDate "2023.07.16"]

1. d4 d5 2. c4 c6 3. Nf3 Nf6 4. Nc3 e6 5. e3 Nbd7 6. Bd3 dxc4 7. Bxc4 b5 8. Bd3 a6 9. e4 c5 10. e5 cxd4 11. Nxb5 axb5 12. exf6 gxf6 13. Qe2 Qb6 14. O-O Bb7 15. Bxb5 Rg8 16. Bf4 Bd6 17. Bg3 Ke7 18. Bxd7 Bxg3 19. hxg3 Ba6 20. Qe4 Bxf1 21. Rxf1 Kxd7 22. Qxh7 Ke7 23. Rd1 Rgd8 24. Qe4 Rxa2 25. Nxd4 Ke8 26. Qh4 Ke7 27. Nf5+ exf5 28. Re1+ Kd7 29. Rd1+ Ke7 30. Re1+ Kd7 31. Rd1+ Ke7 32. Re1+ 1/2-1/2